00437nam a2200109Ia 4500008004100000100002800041245011200069260004600181300001800227650001300245856006900258160712s9999 xx 000 0 und d aHernando, Pauline Mari. cPauline Mari HernandoaMakinilyang Altar: Ang Dalumat ng Panunupil at Pagturing sa Walang Hanggang Lunggati c2013bDaluyan: Journal ng Wikang Filipino avol. 19 no. 1 xFILIPINO uhttp://journals.upd.edu.ph/index.php/djwf/issue/view/385/showToc